sanat - "oranssi" - ibe - Statistics

Yleistilastot
  • Tätä visaa on pelattu 86 kertaa
  • Keskiarvotulos 161 / 256
Vastaustilastot
Vastaus % Oikein
98%
ku
95%
95%
tän
93%
nii
90%
se
90%
tanssit
90%
kyllä
86%
tiiän
86%
heitän
85%
melodian
85%
sen
85%
sillon
81%
ne
80%
oli
78%
vanssit
78%
minkä
76%
niin
76%
niinku
75%
no
75%
olisi
75%
pidän
75%
ja
73%
oranssis
73%
mestoille
71%
et
69%
saavutaan
69%
muutaman
68%
bugatissa
66%
värisessä
66%
jalas
64%
tonnin
64%
lähetää
59%
on
59%
täältä
59%
himaa
58%
oo
58%
paljon
58%
jos
56%
mul
56%
vedetää
56%
ambulanssis
54%
ei
54%
is
54%
it
54%
väkevii
54%
happening
51%
mun
51%
stifloi
51%
en
49%
hankin
49%
olen
49%
olin
49%
vaa
49%
transsis
47%
jedi
46%
testaan
46%
anssi
44%
hyvä
44%
kela
44%
mikin
44%
oon
44%
siksi
44%
systeemin
44%
takaa
44%
tankis
44%
vanki
44%
enkä
42%
kallista
42%
messi
42%
mitä
42%
tai
42%
voima
42%
again
41%
ehkäpä
41%
elävä
41%
joo
41%
juuri
41%
kaasuu
41%
kummanki
41%
legenda
41%
mixi
41%
sithi
41%
tarviin
41%
huvikseni
39%
iniesta
39%
kaikki
39%
mahollinen
39%
manifestaan
39%
pankis
39%
smoke
39%
syötän
39%
taistelen
39%
kanssa
37%
matriisia
37%
mua
37%
pääsi
37%
sun
37%
cashi
36%
itseni
36%
nää
36%
nuori
36%
og
36%
op
36%
päältä
36%
rahaa
36%
skidisti
36%
taskus
36%
vilkase
36%
g
34%
levelillä
34%
menossa
34%
mihinkää
34%
musiikillisesti
34%
ot
34%
tullu
34%
kavereit
32%
swaga
32%
tänne
32%
tekee
32%
hakee
31%
kp
31%
niiku
31%
kt
29%
takan
25%
dickin
22%
Ehtoja vastaavia visoja ei löytynyt
Tulosjakauma
Jokaisen tuloksen saaneiden osuus
Persentiili vastausten määrän mukaan
Tuloshistoriasi
Et ole pelannut tätä visaa